000 00548nam a2200181Ia 4500
001 19529
005 20260306172700.0
008 260306t2017||||xx |||||||||||||| ||spa||
041 _aESP
082 _a340.11
_bG64
100 _aGómez Pavajeau, Carlos Arturo
_eAUT
245 0 _aNeurociencias y derecho:
_breflexiones sobre la cognición social, el libre albedrío, la dignidad humana, la culpabilidad y la prueba novel
260 _c2017
300 _a350 páginas :
_c24 cm.
650 _aGEN
654 _aCDE
942 _cLIB
_dJUS
_fJUS
_2ddc
_n
999 _c19529
_d19529